Who was mother Teresa? / (Record no. 4241)

MARC details
000 -LEADER
fixed length control field 01364cam a22003857i 4500
001 - CONTROL NUMBER
control field 4241
003 - CONTROL NUMBER IDENTIFIER
control field FISKH
005 - DATE AND TIME OF LATEST TRANSACTION
control field 20240708085658.0
008 - FIXED-LENGTH DATA ELEMENTS--GENERAL INFORMATION
fixed length control field 150425s2015 nyua j b 001 0beng
010 ## - LIBRARY OF CONGRESS CONTROL NUMBER
LC control number 2015939754
020 ## - INTERNATIONAL STANDARD BOOK NUMBER
International Standard Book Number 9780448482996 (pbk)
040 ## - CATALOGING SOURCE
Original cataloging agency DLC
Language of cataloging eng
Description conventions rda
Transcribing agency DLC
Modifying agency DLC
050 ## - LIBRARY OF CONGRESS CALL NUMBER
Classification number BX4406.Z8
082 ## - DEWEY DECIMAL CLASSIFICATION NUMBER
Classification number 271.97
100 1# - MAIN ENTRY--PERSONAL NAME
Personal name Gigliotti, Jim,
245 10 - TITLE STATEMENT
Title Who was mother Teresa? /
Statement of responsibility, etc. By Jim Gigliotti, illustrated by David Groff.
260 ## - PUBLICATION, DISTRIBUTION, ETC.
Place of publication, distribution, etc. New York :
Name of publisher, distributor, etc. Grosset & Dunlap,
Date of publication, distribution, etc. 2015
300 ## - PHYSICAL DESCRIPTION
Extent 105 pages :
Other physical details illustrations ;
Dimensions 21 cm.
336 ## - CONTENT TYPE
Content type term text
Content type code txt
Source rdacontent
336 ## - CONTENT TYPE
Content type term text
Content type code txt
Source rdacontent
337 ## - MEDIA TYPE
Media type term unmediated
Media type code n
Source rdamedia
337 ## - MEDIA TYPE
Media type term unmediated
Media type code n
Source rdamedia
338 ## - CARRIER TYPE
Carrier type term volume
Carrier type code nc
Source rdacarrier
338 ## - CARRIER TYPE
Carrier type term volume
Carrier type code nc
Source rdacarrier
490 0# - SERIES STATEMENT
Series statement Who was--?
500 ## - GENERAL NOTE
General note Minimal Level Cataloging Plus.
504 ## - BIBLIOGRAPHY, ETC. NOTE
Bibliography, etc. note Includes bibliographical references (pages 104-105).
520 ## - SUMMARY, ETC.
Summary, etc. Presents the life of Agnes Gonxha Bojaxhiu, known as Mother Teresa, who spent most of her life serving "the poorest of the poor" in Calcutta, India.
600 00 - SUBJECT ADDED ENTRY--PERSONAL NAME
Personal name Teresa,
Titles and other words associated with a name Mother, Saint,
Dates associated with a name 1910-1997
Form subdivision Juvenile literature.
650 #0 - SUBJECT ADDED ENTRY--TOPICAL TERM
Topical term or geographic name entry element Nuns
General subdivision India
Form subdivision Biography.
700 1# - ADDED ENTRY--PERSONAL NAME
Personal name Groff, David,
Dates associated with a name 1956-
Relator term illustrator.
906 ## - LOCAL DATA ELEMENT F, LDF (RLIN)
a 7
b cbc
c orignew
d 4
e epcn
f 20
g y-gencatlg
942 ## - ADDED ENTRY ELEMENTS (KOHA)
Source of classification or shelving scheme Dewey Decimal Classification
Koha item type Books
Suppress in OPAC No
Holdings
Withdrawn status Lost status Source of classification or shelving scheme Damaged status Not for loan Collection Home library Current library Shelving location Date acquired Total Checkouts Full call number Barcode Date due Date last seen Date last checked out Price effective from Koha item type
    Dewey Decimal Classification     Non-Fiction Footprints International School Library Network Toul Kork Campus Footprints International School Library Network Toul Kork Campus A TK Campus, 4th Floor, Room B401, Non-Fiction Bookcases(7-8) 07/08/2024 1 GIG 271.97 BX4406.Z8 2024-0914 04/14/2026 03/31/2026 03/31/2026 07/08/2024 Books